1545 1475 1889 1852 1951 1401 1379 1618 1563 1286 1265 1039 1296 1178 1845 1257 1229 1892 1577 1597 1050 1315 1238 1560 1676 1049 1185 1451 1775 1097 1508 1010 1087 1855 1644 1192 1449 1123 1440 1490 1529 1058 1629 1194 1139 1023 1647 1384 1935 1398 1690 1273 1098 1827 1079 1656 1857 1321 1223 1888 1808 1009 1945 1188 1631 1458 1177 1460 1127 1814 1604 1814 1183 1945 1650 1769 1744 1913 1171 1568 1687 1123 1757 1139 1870 1090 1423 1934 1038 1012 1711 1147 1560 1143 1160 1533 1737 1711 1238 BCNSPRNW ULIB Ver.6.0+V

เปลี่ยนเป็นภาษาไทย

Change to English
 แสดงรายละเอียดบรรณานุกรม
  กลับหน้าหลัก

Brief Record : Get Marc (ISO 2709) : E-mail record : QR code < ปิดหน้าต่าง
LEADER : 00000nas 2200000uu 4500
001    13399125914
003     ULIB
008    170927s2559||||th 000 0 tha d
024    ^a9786161132965
245 00 ^aราชประชาสมาสัยสาร/^bมูลนิธิราชประชาสมาสัย ในพระบรมราชูปถัมภ์^c2560
310    ^aรายเดือน
850 ^a ULIB^bปีที่ 56 ฉบับที่ พิเศษ ฉ.1
945    ^p0^l0^i904647
999    ^aประนอม เกษจรัล
รายการนี้ยังไม่มีแท็ก
คุณยังไม่ได้ล็อกอิน คุณสามารถมีกิจกรรมร่วมกับเว็บไซต์ได้ แต่ต้องล็อกอินก่อน ::
  ล็อกอิน

รายการสื่อสารสนเทศ (วารสาร)

ดูแบบ: กล่อง รายการ
ARRIVED
ปีที่ 56 ฉบับที่ พิเศษ ฉ.1
สถานที่: ห้องสมุดวิทยาเขตสวรรค์ประชารักษ์ >หนังสือพิมพ์

BibComment


ยังไม่เคยถูกคอมเมนท์

คอมเมนท์ทรัพยากรรายการนี้
  คอมเมนท์: ราชประชาสมาสัยสา..


 Copyright 2026. Bcnsprnw @Library